000 00333nam a2200145Ia 4500
008 230718s9999 xx 000 0 und d
041 _aEng.
082 _a510
_bSHA-C
100 _aShahzad Kashif
245 0 _aComputer Application
260 _aPakistan
_busdn besoc lunes
_c2008
300 _a968
650 _aLaw
999 _c26256
_d26256